000
00289nam a22001217a 4500
008
170922b xxu||||| |||| 00| 0 eng d
041
_a
eng
080
_a
37
100
_a
45
101
_a
EDU
245
_a
MULTICULTURAL STRATEGIES FOR COMMUNITY COLLEGES
_c
SYNED
942
_2
udc
_c
BK
999
_c
29026
_d
29026